00632nam a2200217Ia 4500003000900000008004100009040001300050040001300063041000800076100003600084245002500120250001300145260001300158260000900171300001200180300001200192490000600204942000700210999001700217952018000234IT-RoPAU120407s9999 xx 000 0 und d aIT-RoPAU cIT-RoPAU aita aFjedor Michajlovic Dostojevskij aI fratelli Karamazov aFirenze  aSansoni  c1969 a1094 p. c18,5 cm v1 cBK c24331d24331 00102ddc406882_00000000000000071aPAULUSbPAULUSd2012-04-11l0o882.0r2012-04-11 00:00:00w2012-04-11yBKzInserito da: In data: n.d. fondo: Via A.Severo 56 Progr:10888